Statistics for Half/half: Actors [pic]

Click here to take the quiz!

General Stats

  • This quiz has been taken 14 times
  • The average score is 6 of 16

Answer Stats

Answer% Correct
Eddie Murphy
86%
Heath Ledger
79%
Liam Neeson
79%
Samuel L. Jackson
79%
Robert Downey Jr.
64%
Laurence Fishburne
43%
Sidney Poitier
36%
Gérard Depardieu
29%
Idris Elba
29%
Jet Li
29%
Wesley Snipes
21%
Chow Yun-fat
14%
Marlon Wayans
14%
Christopher Judge
7%
Jean Reno
7%
Sammo Hung
7%

Score Distribution

Percentile by Number Answered

Percent of People with Each Score

Your Score History

You have not taken this quiz